| 000 | 01193nam a2200301Ia 4500 | ||
|---|---|---|---|
| 001 | ebr10504673 | ||
| 003 | CaPaEBR | ||
| 006 | m u | ||
| 007 | cr cn||||||||| | ||
| 008 | 111102s2011 ne a sb 001 0 eng d | ||
| 020 | _z9781608052363 | ||
| 040 |
_aCaPaEBR _cCaPaEBR |
||
| 035 | _a(OCoLC)763161039 | ||
| 050 | 1 | 4 |
_aT174.7 _b.T74 2011eb |
| 245 | 0 | 0 |
_aTrends in nano- and micro-cavities _h[electronic resource] / _cedited by O'Dae Kwon, Byoungho Lee, Kyungwon An. |
| 260 |
_aHilversum, The Netherlands : _bBentham Science Publishers, _c2011. |
||
| 300 |
_aviii, 321 p. : _bill. |
||
| 504 | _aIncludes bibliographical references and index. | ||
| 533 |
_aElectronic reproduction. _bPalo Alto, Calif. : _cebrary, _d2011. _nAvailable via World Wide Web. _nAccess may be limited to ebrary affiliated libraries. |
||
| 650 | 0 | _aNanotechnology. | |
| 650 | 0 | _aMicroelectromechanical systems. | |
| 655 | 7 |
_aElectronic books. _2local |
|
| 700 | 1 | _aKwon, O'Dae. | |
| 700 | 1 | _aLee, Byoungho. | |
| 700 | 1 | _aAn, Kyungwon. | |
| 710 | 2 | _aebrary, Inc. | |
| 856 | 4 | 0 |
_uhttp://site.ebrary.com/lib/rucke/Doc?id=10504673 _zAn electronic book accessible through the World Wide Web; click to view |
| 999 |
_c114449 _d114449 |
||